Geneza głównych rysów rzeźby Masywu Ślęży

Titel: Geneza głównych rysów rzeźby Masywu Ślęży
Verfasser:
In: Przegla̜d geograficzny, Band 74, Heft 1 (2002), Seite 41-60, il. 7
alle Artikel anzeigen
Veröffentlicht: 2002
Format: Aufsatz
Sprache: Polnisch
Kein Bild verfügbar
X
alg: 39448742
001A    $01999:12-11-16 
001B    $01999:29-04-21 $t21:33:55.000 
001C    $06050:19-11-16 $t08:53:25.000 
001D    $01999:12-11-16 
001U    $0utf8 
001X    $00 
002@    $0Aox 
003@    $0394487427 
007A    $0394487427 $aHEB 
007T    $0Herdww022414 
010@    $apol 
011@    $a2002 
021A    $aGeneza głównych rysów rzeźby Masywu Ślęży 
028A    $aŻurawek $dRoman 
031A    $d74 $e1 $h41-60, il. 7 $j2002 
037A    $aang. res. 60: The Origin of the Main Relief Features of Mt. Sleza, SW Poland 
039B    $aIn $8--Abvc--. Przegla̜d geograficzny. - Warszawa : Państwowe Wydawn. Naukowe, 1918-. - ISSN 0033-2143 $x200200000740001959 $9047308648 
045F    $a330.094385 $eDDC23BSB 
045F/01 $a330.09 
045F/03 $g4385 
045T    $a14 

lok: 39448742 78

exp: 39448742 78 1 #EPN
201B/01 $020-11-17 $t23:18:28.000 
201U/01 $0utf8 
203@/01 $0790597845 
208@/01 $a12-11-16 $be 
209A/01 $a/ $f000 $x00 
220C/01 $aHerkunft: IH UWr 
244Z/01 $2Trx $#Silesia $#Śląsk $#Sliezsko $#Slezsko $8--Trx--Schlesien $x01 $9391173987 
244Z/01 $#Siling $#Śle̜ża Gebirge $#Sobótka Gebirge $#Masyw Śle̜ży $#Śle̜ży, Masyw $74335698-9 $8--Tg1--Zobten$gGebirge $x02 $9088121801 
244Z/01 $2Trx $#geoloogia $#geologija $#Geology $#geológia $#geologia $#geológia $#geologie $8--Trx--Geologie $x03 $9391354973 
244Z/01 $2Trx $8--Trx--Zeitschriftenaufsatz $x04 $9391384341 
245Z/01 $a09.06 $x01 
247C/01 $82080>Marburg/Lahn, Herder-Institut, Forschungsbibliothek, Bibliographieportal $9336309341
LEADER 00000caa a22000002c 4500
001 394487427
003 DE-603
005 20210429213355.0
007 tu
008 161112s2002 xx |||| | u00||u|pol c
035 |a (DE-599)HEB394487427 
040 |a DE-603  |b ger  |c DE-603  |d DE-603 
041 |a pol 
082 0 4 |8 1\u  |a 330.094385  |q DE-101  |2 23/BSB 
084 |a 14  |2 ssgn 
085 |8 1\u  |b 330.09 
085 |8 1\u  |z 2  |s 4385 
100 1 |a Żurawek, Roman 
245 0 0 |a Geneza głównych rysów rzeźby Masywu Ślęży 
264 0 |c 2002 
500 |a ang. res. 60: The Origin of the Main Relief Features of Mt. Sleza, SW Poland 
773 0 8 |i In  |t Przegla̜d geograficzny  |d Warszawa : Państwowe Wydawn. Naukowe, 1918-  |x 0033-2143  |g Band 74, Heft 1 (2002), Seite 41-60, il. 7  |w (DE-603)047308648  |w (DE-600)209415-0 
924 0 |9 2080  |a (DE-603)790597845  |b DE-2080  |c HES  |d d  |g /